Normal view
MARC view
Entry Personal Name
001 - CONTROL NUMBER
- control field: 67610
003 - CONTROL NUMBER IDENTIFIER
- control field: dpl
005 - DATE AND TIME OF LATEST TRANSACTION
- control field: 20240620121858.0
008 - FIXED-LENGTH DATA ELEMENTS
- fixed length control field: 240620|| aca||aabn | a|a d
040 ## - CATALOGING SOURCE
- Original cataloging agency: dpl
- Transcribing agency: dpl
100 ## - HEADING--PERSONAL NAME
- Personal name: Kaushik Sunder Rajan
670 ## - SOURCE DATA FOUND
- Source citation: Work cat.: (dpl)139121: Kaushik Sunder Rajan, Pharmocracy:, 2017
